| 000 | 00345nam a2200121Ia 4500 | ||
|---|---|---|---|
| 008 | 210430s9999 xx 000 0 und d | ||
| 082 | _a940.5305 M236P | ||
| 100 |
_aMalik, Nadeem Shafiq. _9336 |
||
| 245 |
_aPerspectives on Allama Iqbal: _cMalik, Nadeem Shafiq. |
||
| 260 |
_aLahore. _bFiction House. _c2015 |
||
| 300 | _a184p. | ||
| 942 |
_cBK _2ddc |
||
| 999 |
_c565525 _d565525 |
||